Central Library OPAC University of Rajshahi

Public policy and politics in America / (Record no. 40865)

MARC details
000 -LEADER
fixed length control field 00975nam a2200277 a 4500
001 - CONTROL NUMBER
control field 40865
003 - CONTROL NUMBER IDENTIFIER
rucl marc code BD-RjUL
005 - DATE AND TIME OF LATEST TRANSACTION
control field 20211209053304.0
008 - FIXED-LENGTH DATA ELEMENTS--GENERAL INFORMATION
fixed length control field 160511s1984 caua b 001 0 eng
020 ## - INTERNATIONAL STANDARD BOOK NUMBER
International Standard Book Number 053403094
035 ## - SYSTEM CONTROL NUMBER
System control number (BD-RjUL)40980
040 ## - CATALOGING SOURCE
Language of cataloging eng
Original cataloging agency BD-RjUL
Transcribing agency BD-RjUL
041 ## - LANGUAGE CODE
Language code of text/sound track or separate title eng
082 00 - DEWEY DECIMAL CLASSIFICATION NUMBER
Classification number 361.610973
Edition number 23
Author mark and year PUB 1984
245 00 - TITLE STATEMENT
Title Public policy and politics in America /
Statement of responsibility, etc. James E. Anderson ... [et al.]
250 ## - EDITION STATEMENT
Edition statement 2nd ed.
260 ## - PUBLICATION, DISTRIBUTION, ETC. (IMPRINT)
Place of publication, distribution, etc. Monterey, Calif. :
Name of publisher, distributor, etc. Brooks/Cole Pub. Co.,
Date of publication, distribution, etc. c1984.
300 ## - PHYSICAL DESCRIPTION
Pagination xiv, 422 p. :
Illustrations ill. ;
Size 24 cm.
500 ## - GENERAL NOTE
General note Rev. ed. of: Public policy and politics in America / James E. Anderson. c1978.
504 ## - BIBLIOGRAPHY, ETC. NOTE
Bibliography, etc Includes bibliographies and index.
650 #0 - SUBJECT ADDED ENTRY--TOPICAL TERM
Topical term or geographic name as entry element Politics and government.
9 (RLIN) 125767
Geographic subdivision United States
700 1# - ADDED ENTRY--PERSONAL NAME
Personal name Anderson, James E. ... [et al.]
830 ## - SERIES ADDED ENTRY--UNIFORM TITLE
Uniform title The Brooks/Cole series on public policy
942 ## - ADDED ENTRY ELEMENTS (KOHA)
Source of classification or shelving scheme Dewey Decimal Classification
Koha item type Books
Holdings
Lost status Source of classification or shelving scheme Damaged status Not for loan Permanent Location Current Location Shelving location Date acquired Source of acquisition Cost, normal purchase price Total Checkouts Full call number Date last seen Copy number Koha item type
  Dewey Decimal Classification     Central Library, University of Rajshahi Central Library, University of Rajshahi   18/04/1989 Asia Foundation 0.00   361.610973 PUB 1984 11/05/2016 C-2 Books